[Event "Tata Steel-A 81st"]
[Site "Wijk aan Zee"]
[Date "2019.01.22"]
[Round "9"]
[White "Rapport, Richard"]
[Black "Anand, Viswanathan"]
[Result "1/2-1/2"]
[WhiteElo "2731"]
[BlackElo "2773"]
[Annotator "Fernandez,D"]
[PlyCount "83"]
[EventDate "2019.01.12"]
[EventType "tourn"]
[EventRounds "13"]
[EventCountry "NED"]
[EventCategory "21"]
[SourceTitle "CBM 188"]
[Source "ChessBase"]
[SourceDate "2018.12.21"]
[SourceVersion "1"]
[SourceVersionDate "2018.12.21"]
[SourceQuality "1"]

1. d4 Nf6 2. Nf3 d5 3. c4 e6 4. Nc3 Be7 5. g3 dxc4 6. Bg2 O-O 7. Ne5 c5 8. dxc5
Qxd1+ (8... Qc7 9. Nxc4 Qxc5 10. Qb3 (10. Qa4 Nc6 11. Be3 Qh5 $11) (10. b3 Nc6
$1 (10... Rd8 {walks into a surprisingly strong queen sacrifice in} 11. Ba3 $1
Rxd1+ 12. Rxd1 Qh5 13. Bxe7 $16 {Xu,X-Xu,Y Daqing 2018})) 10... Nc6 11. Be3 Nd4
12. Bxd4 Qxd4 13. O-O Qc5 $11 {Black unravels by force with ...Rb8, ...Bd7 etc.
The most testing line is} 14. Rfd1 Bd7 $1 15. Ne4 Nxe4 16. Bxe4 Bb5 $1 17. Rac1
Ba6 18. Nd6 Qb6 $11 {when Black has equalised, albeit the position does not
inspire.}) 9. Nxd1 Bxc5 10. Bd2 Nc6 11. Nxc4 Nd5 {After this novelty, White
gets to line up various tactics against the minor pieces in the centre.} ({
The key to Black's position seems to be developing to e6 in two moves.} 11...
Bd7 12. Nc3 (12. Rc1 Rac8 {and Black threatens ...b5.}) 12... e5 $1 (12... Rab8
$6 13. Bf4 Rbc8 14. O-O $14 {Horvath,J-Marciano,D Izmir 2004}) 13. O-O Be6 (
13... Rad8 14. Bg5 h6 15. Bxf6 gxf6 $132 {might not be as good objectively,
but carries ambition}) 14. Bxc6 (14. b3 Rfd8 15. Bg5 Bd4 16. Rac1 Rac8 $11)
14... Bxc4 15. Bg2 Rac8 16. Rfd1 (16. b3 Ba6 $15) 16... b6 17. Rac1 Bb4 $11) (
11... e5 12. Rc1 $14 {doesn't really work immediately.}) 12. Rc1 b6 13. Nce3
Nce7 (13... Ba6 $5 14. Nxd5 exd5 15. Bxd5 $14 {is probably not 'full comp' but
is worth considering.}) (13... Rd8 14. Nxd5 exd5 15. Nc3 Ne7 16. O-O $14 {
This would ensure that no fewer than 3 world champions held an isolated
queen's pawn in the same round.}) 14. b4 Bxe3 {By now the only move that makes
sense. The remainder of the commentary will consist of minor tries White could
have gone for to increase his small edge.} 15. Nxe3 Ba6 16. Nxd5 Nxd5 17. f3 (
17. e4 Nf6 (17... Ne7 18. a4 $14) 18. f3 $14 {would have cut out Black's ...f5.
}) 17... Bb5 18. Kf2 Rfd8 19. a3 Rd7 20. Rhd1 Ba4 21. Re1 Rad8 22. e4 Nc7 23.
Bf4 Nb5 24. Bf1 h6 25. h4 Nd4 26. h5 f6 27. Bc4 (27. e5 {This is the main
distinct structure White could have played into. I think probably this would
have been a mistake, because after} f5 {the Black knight would have taken a
while to get to d5, but I don't think it can be stopped from doing so.}) 27...
Kf7 28. Re3 Nb5 29. g4 Rd1 30. Rxd1 Rxd1 31. Bb8 a6 32. e5 Rd4 33. Bxb5 Bxb5
34. exf6 gxf6 35. Bc7 Rd2+ 36. Ke1 Rc2 37. Bxb6 e5 {Black has misplaced a pawn,
but it doesn't really matter as all of White's pawns are totally immobilised.
In fact, it's not out of the question for Black to think about winning too.}
38. Bc5 {Intending f4.} Ra2 39. Rc3 (39. f4 exf4 40. Re7+ Kg8 41. Re4 f3 42.
Rf4 Kf7 43. Rxf3 {White has succeeded in setting up a rather contrived
pawn-swap, but he will lose a pawn in the end after} Re2+ 44. Kd1 Re4 $1 $11)
39... e4 40. Bd4 Re2+ 41. Kd1 Rg2 42. fxe4 (42. fxe4 Rxg4 43. Rf3 Rxe4 44.
Rxf6+ Ke7 45. Ba1 Rh4 $11) 1/2-1/2

[Event "Leon"]
[Site "Leon"]
[Date "1994.??.??"]
[Round "6"]
[White "Ljubojevic, Ljubomir"]
[Black "Ubilava, Elizbar"]
[Result "1-0"]
[WhiteElo "2600"]
[BlackElo "2535"]
[Annotator "Franco"]
[PlyCount "95"]
[EventDate "1994.05.??"]
[EventType "tourn"]
[EventRounds "9"]
[EventCountry "ESP"]
[EventCategory "12"]
[SourceTitle "CBM 042"]
[Source "ChessBase"]
[SourceDate "1994.10.01"]
[SourceVersion "1"]
[SourceVersionDate "1994.10.01"]
[SourceQuality "1"]

1. d4 d5 2. Nf3 e6 3. c4 c6 4. Qc2 Nf6 5. g3 b5 6. c5 a5 7. Bg2 Nbd7 8. Bf4 Be7
9. Nbd2 O-O 10. O-O Nh5 11. Bd6 $1 Bxd6 12. cxd6 Nb8 13. Qc5 Bb7 14. e4 $1 Na6
15. Qa3 $1 Nb4 16. Qc3 dxe4 (16... Qxd6 17. a3 Na6 18. Qxa5 {xBb7}) 17. Nxe4
Nf6 18. Nxf6+ gxf6 (18... Qxf6 19. Ne5 $16) 19. Qd2 $1 (19. Qd2 {/\ Qh6}) 19...
Kh8 20. Qh6 Rg8 21. Nh4 Bc8 22. Rac1 Ra6 23. Rfe1 $1 (23. Rfe1 Nd3 $2 24. Be4
$18) 23... Rg7 24. Rc3 $1 (24. Rc3 {/\ 25.a3 Nd5 26.Bd5!}) 24... Nxa2 25. Rxc6
Rxc6 26. Bxc6 Nb4 27. Bxb5 Nd5 28. Bc6 Qxd6 29. Bxd5 Qxd5 30. Qxf6 Bb7 31. f3
Qg5 $6 (31... Kg8 $5 $16) 32. Qxg5 Rxg5 33. Re5 $1 h6 34. f4 Rxe5 35. dxe5 Kg7
36. Kf2 Bd5 37. Ke3 f6 38. Kd4 Kf7 39. Kc5 fxe5 40. fxe5 a4 41. Kb5 Bb3 42. Nf3
Bd1 43. Nd4 Ke7 44. Kc6 Bg4 45. Kc7 Ke8 46. Kd6 Kf7 47. Nc6 Ke8 48. Nb8 1-0

[Event "Helsinki op"]
[Site "Helsinki"]
[Date "1992.??.??"]
[Round "7"]
[White "Ehlvest, Jaan"]
[Black "Kharitonov, Andrei Y"]
[Result "1/2-1/2"]
[WhiteElo "2635"]
[BlackElo "2505"]
[Annotator "Ftacnik,L"]
[PlyCount "76"]
[EventDate "1992.09.??"]
[EventType "swiss"]
[EventRounds "9"]
[EventCountry "FIN"]
[SourceTitle "CBM 032"]
[Source "ChessBase"]
[SourceDate "1993.02.01"]
[SourceVersion "1"]
[SourceVersionDate "1993.02.01"]
[SourceQuality "1"]

1. d4 Nf6 2. c4 e6 3. Nf3 d5 4. g3 Bb4+ 5. Nbd2 c5 6. dxc5 Bxc5 7. Bg2 O-O 8.
O-O Nc6 9. Qc2 Qe7 10. e3 Rd8 11. a3 a5 12. b3 d4 (12... b6 $5 13. Bb2 Ba6 14.
Rfd1 Rac8 $13) 13. exd4 Bxd4 $1 (13... Nxd4 14. Nxd4 Bxd4 15. Bb2 $14) 14. Bb2
(14. Nxd4 Nxd4 15. Qb2 (15. Qd1 e5 16. Ra2 Bg4 $17) 15... Ne2+ 16. Kh1 Rb8 17.
Nf3 Nxc1 18. Raxc1 $10) 14... Bxb2 15. Qxb2 Bd7 (15... Rb8 16. Rfd1 b6 $10) 16.
Rfe1 Be8 17. Rab1 Nd7 18. b4 axb4 19. axb4 Ra4 20. b5 Na5 $1 (20... Nb4 21. Bf1
Nc5 22. Re3 $14) 21. Bf1 Nc5 22. Re3 b6 23. Be2 Qc7 (23... f6 $5 $10) 24. Rc1
Nab7 25. Bd1 Raa8 (25... Ra7 $5) 26. Bc2 f6 27. Qb1 g6 28. Ne4 Qg7 29. Rce1
Rac8 30. Nfd2 Bf7 31. Qa1 (31. Qb2 f5 32. Qxg7+ Kxg7 33. Nxc5 Rxc5 34. R1e2 Na5
$15) 31... e5 32. Qa7 f5 33. Nxc5 Nxc5 34. Nb3 Nd7 35. c5 $1 Ra8 (35... Nxc5
36. Nxc5 Rxc5 37. Qxb6 $14) (35... bxc5 36. Rd1 Be6 37. Na5 $36) 36. Qc7 Rac8
37. Qa7 Ra8 38. Qc7 Rac8 1/2-1/2

[Event "Hoogovens"]
[Site "Wijk aan Zee"]
[Date "1993.01.??"]
[Round "3"]
[White "Salov, Valery"]
[Black "Lobron, Eric"]
[Result "1-0"]
[WhiteElo "2660"]
[BlackElo "2620"]
[Annotator "Ftacnik,L"]
[PlyCount "95"]
[EventDate "1993.01.??"]
[EventType "k.o."]
[EventRounds "5"]
[EventCountry "NED"]
[SourceTitle "CBM 034"]
[Source "ChessBase"]
[SourceDate "1993.06.01"]
[SourceVersion "1"]
[SourceVersionDate "1993.06.01"]
[SourceQuality "1"]

1. Nf3 Nf6 2. c4 e6 3. g3 d5 4. d4 c5 5. Bg2 Nc6 6. O-O Be7 7. dxc5 Bxc5 8. a3
a5 $5 9. cxd5 exd5 10. Bg5 (10. Qc2 $5) 10... O-O 11. Nc3 (11. Qc2 Be7 12. Nc3
h6 $1 13. Bxf6 Bxf6 14. Rad1 Be6 15. Nxd5 Bxd5 16. e4 Bxe4 17. Qxe4 $10) 11...
d4 12. Ne4 Be7 13. Bxf6 Bxf6 14. Nxf6+ Qxf6 15. Rc1 Re8 $1 16. Qd3 Bf5 17. Qb5
Rab8 18. Rc5 Be4 19. Ne1 Qe7 $1 (19... Na7 20. Qc4 b5 21. Qc1 Bxg2 22. Nxg2
Rxe2 23. Nf4 $44) 20. Bxe4 Qxe4 21. Rc2 d3 $1 22. Qxd3 (22. exd3 Qg4 23. Rc4
Nd4 $44) 22... Nd4 23. Qxe4 Rxe4 24. Rd2 Nb3 $2 (24... Nxe2+ 25. Kg2 Nd4 26.
Nf3 Nxf3 27. Kxf3 Re6 $10) 25. Rd3 Nc1 26. Rd7 $1 Nxe2+ 27. Kg2 Nd4 28. Nd3 Ne6
29. Rc1 Rd4 30. Rxd4 Nxd4 31. Rc7 Ne6 32. Rd7 b5 33. f4 $16 g6 34. Kf3 b4 $6 (
34... Kg7) 35. axb4 axb4 36. Ne5 Nd8 37. Ke4 Kf8 38. Rxf7+ $1 Nxf7 39. Nd7+ Ke7
40. Nxb8 Kd6 41. Na6 b3 42. Nb4 Nh6 43. Nd3 Ng4 44. h3 Nh2 45. g4 Nf1 46. Ne5
Ng3+ 47. Kd3 Kd5 48. Nd7 (48. Nd7 h5 49. Nf6+ Ke6 50. Ne4 $18) 1-0

[Event "Pamplona 9293 3rd"]
[Site "Pamplona"]
[Date "1992.??.??"]
[Round "7"]
[White "Sokolov, Ivan"]
[Black "De la Villa Garcia, Jesus Maria"]
[Result "1/2-1/2"]
[WhiteElo "2625"]
[BlackElo "2475"]
[Annotator "Ftacnik,L"]
[PlyCount "79"]
[EventDate "1992.12.??"]
[EventType "tourn"]
[EventRounds "9"]
[EventCountry "ESP"]
[EventCategory "13"]
[SourceTitle "CBM 033"]
[Source "ChessBase"]
[SourceDate "1993.04.01"]
[SourceVersion "1"]
[SourceVersionDate "1993.04.01"]
[SourceQuality "1"]

1. d4 d5 2. c4 dxc4 3. Nc3 Nf6 4. Nf3 e6 5. Qa4+ Nbd7 (5... c6 6. Qxc4 b5) 6.
g3 (6. e4 c5 7. d5 $5 exd5 8. e5 d4 9. Bg5 $5 dxc3 10. O-O-O cxb2+ 11. Kb1 Ne4
$1 12. Bxd8 Nc3+) 6... Be7 7. Bg2 O-O (7... a6 8. O-O O-O 9. Qxc4 b5 10. Qd3
Bb7 $13) 8. Qxc4 a6 9. Qd3 $1 Bd6 (9... b5 10. Ne5 $1) 10. O-O e5 11. Bg5 $1
exd4 (11... h6 12. Bxf6 Qxf6 13. Ne4 Qe7 14. Nxd6 cxd6 15. e4 $14) 12. Qxd4 h6
13. Bf4 Bxf4 14. Qxf4 Nc5 15. Rad1 Qe7 16. Nd4 Re8 (16... c6 $6 17. e4 Re8 (
17... Ne6 $2 18. Nf5 $1)) 17. Rfe1 (17. b4 Ne6 18. Nxe6 fxe6) (17. e4 $5) 17...
c6 18. e4 Ne6 (18... Bg4 19. Rd2) 19. Nxe6 Bxe6 20. e5 Nh7 (20... Nd7 21. Ne4
Bxa2 22. Nd6 Reb8 23. Nf5 Qe8 24. Qg4 $18) 21. b3 (21. Ne4 $2 Bxa2 22. Nd6 Red8
23. Nf5 Qg5) (21. Rd6 $1 Rad8 22. Red1) 21... Rad8 22. Ne4 Bc8 $1 (22... Bd5
23. Nd6 Rxd6 24. exd6 Qxe1+ 25. Rxe1 Rxe1+ 26. Bf1 Ng5 27. Qxg5 $1 hxg5 28. d7
$18) (22... Ng5 23. Nd6 Bxb3 24. axb3 Rxd6 25. Rxd6 Qxd6 26. h4 $1) 23. h4 Rxd1
24. Rxd1 g5 $1 25. hxg5 hxg5 26. Qf3 (26. Nf6+ $2 Qxf6 $1 27. Qxf6 Nxf6 28.
exf6 Kh7) 26... Qxe5 27. Nd6 Rf8 28. Nxc8 Rxc8 29. Bh3 (29. Rd7 Nf6 30. Rxb7
Rd8 31. Bf1 Rd2 $1 32. Bc4 $140 $2 (32. Qxc6 $2 Qf5 33. Qb6 Ng4) (32. Kg2 g4
33. Qf4 (33. Qxc6 Qf5 34. Qb6 Ne4 $19) 33... Qxf4 34. gxf4 Ne4 $17) 32... Qe1+
33. Kg2 Rd1 34. Bxf7+ Kf8 $19) 29... Re8 30. Rd7 Re7 31. Rxe7 Qxe7 32. Qf5 Kg7
(32... Nf8 $5) 33. Bf1 Qe6 34. Qc5 Qd5 35. Qe7 b5 36. Bg2 Qd1+ 37. Kh2 Qh5+ (
37... Nf6 38. Qe5 Kg6 (38... Qd2 $2 39. f4) 39. Be4+ Nxe4 40. Qxe4+ $10) 38.
Kg1 Qd1+ 39. Kh2 Qh5+ 40. Kg1 1/2-1/2

[Event "Moscow Alekhine op"]
[Site "Moscow"]
[Date "1992.??.??"]
[Round "?"]
[White "Serper, Grigory"]
[Black "Brodsky, Michail"]
[Result "1-0"]
[WhiteElo "2575"]
[BlackElo "2540"]
[Annotator "Ftacnik,L"]
[PlyCount "63"]
[EventDate "1992.10.??"]
[EventType "swiss"]
[EventRounds "9"]
[EventCountry "RUS"]
[SourceTitle "CBM 033"]
[Source "ChessBase"]
[SourceDate "1993.04.01"]
[SourceVersion "1"]
[SourceVersionDate "1993.04.01"]
[SourceQuality "1"]

1. c4 Nf6 2. g3 e6 3. Bg2 c5 4. Nf3 Nc6 5. O-O d5 6. cxd5 Nxd5 7. d4 Be7 8.
dxc5 Bxc5 9. a3 (9. Qc2 Qe7 (9... Be7 10. Rd1 Qa5 (10... Bd7 11. e4 (11. Nc3
Nb6 12. Bf4 O-O 13. Rac1 f6 14. Bh3 Qc8 15. Qe4 Kh8 16. Bd6 Bxd6 17. Rxd6 e5
18. Bxd7 Nxd7 19. Nd5 Rd8 20. Ne7 Qc7 21. Nxc6 Qxd6 22. Nxd8 Rxd8 23. Qxb7 Qb6
24. Rc7 $16 {Helmers-Bjarnason/Reykjavik/1982/}) 11... Nb6 12. Nc3 O-O 13. Bf4
Rc8 14. Bf1 Qe8 15. a4 Na5 16. Ne5 Bc6 17. Nxc6 Qxc6 18. h4 a6 19. Rac1 Bb4 20.
Qe2 Nb3 21. Nd5 Nxc1 22. Rxc1 Bc5 23. Rxc5 Qxc5 24. b4 $13 {Ribli,Z-Hmadi,S/
Luzern tt WCh/1985/}) 11. Nbd2 O-O 12. e4 Ndb4 13. Qb1 Rd8 14. Bf1 Ne5 15. Nxe5
Qxe5 16. Nc4 Qh5 17. Rxd8+ Bxd8 18. Bf4 Bd7 19. a3 Na6 20. Ne5 Be8 21. Qc2 Bg5
22. Bxg5 Qxg5 23. f4 Qd8 24. Rd1 $14 {Gronn,A-Kristiansen,E/NOR-ch (9)/1992/})
10. a3 Bb6 11. Nbd2 Nf6 12. Nc4 Bc7 13. b4 O-O 14. b5 Na5 15. Nce5 Bd6 16. Bd2
b6 17. Ng5 Bb7 18. Bxb7 Nxb7 19. Nc6 Qe8 20. Bc3 h6 21. Bxf6 hxg5 22. Bxg5 f6
23. Be3 Qh5 24. Qc4 $16 {Polugaevsky,L-Grigorian,K/URS-ch/1973/}) 9... Bd7 (
9... O-O 10. b4 (10. Qc2 Qe7 (10... Be7 11. Rd1 Bd7 12. e4 Nb6 13. Bf4 (13. Nc3
Bf6 14. Bf4 g5 15. Bd6 g4 16. Ne1 Re8 17. e5 Bg7 18. Qe2 h5 19. f4 Rc8 20. h3
gxh3 21. Bxh3 h4 22. Ne4 Nd5 23. Qh5 f6 24. Nf3 $16 {Cvitan,O-Guyot,P/Cannes
open A(3)/1990/}) 13... Rc8 14. Nc3 Qe8 15. Qe2 Na5 16. Nd4 (16. Ne5 Ba4 17.
Nxa4 Qxa4 18. Rac1 Nb3 19. Rxc8 Rxc8 20. Be3 Bf6 21. Ng4 Bd4 22. Qd3 e5 23.
Bxd4 exd4 {0,5/Brestian,E-Hmadi,S/Novi Sad olm/1990/}) 16... Bc5 17. Ndb5 Bxb5
18. Nxb5 Nac4 {0,5/Sturua,Z-Lputian,S/Manila olm/1992/}) 11. b4 (11. e4 Nc7 12.
b4 Bd4 13. Nxd4 Nxd4 14. Qb2 e5 15. Be3 Rd8 16. Nc3 Be6 17. Rad1 Rd7 18. Bxd4
exd4 19. Nd5 Nxd5 20. exd5 Bxd5 {0,5/Lobron,E-Christiansen,L/Munich (11)/1991/}
) 11... Bb6 12. Bb2 Bd7 13. Nbd2 Rac8 14. Qb3 Bc7 15. Rac1 b5 16. Ne4 a5 17.
Nc5 axb4 18. axb4 Bd6 19. Rfd1 Bxc5 20. bxc5 Na5 21. Qc2 Nc4 22. Ne5 Nxe5 23.
Bxe5 Rfe8 24. Be4 $16 {Lerner-Lputian/Moskva (11)/1987/}) 10... Be7 11. Qb3 (
11. Bb2 b5 (11... Bf6 12. Qb3 Bd7 13. Nc3 Nxc3 14. Bxc3 Bxc3 15. Qxc3 Qb6 16.
Ng5 h6 17. Rfd1 Rfd8 18. Ne4 Ne7 19. Qc5 Nd5 20. Qxb6 axb6 21. Rdc1 Bc6 22. Nc3
Nxc3 23. Rxc3 Bxg2 24. Kxg2 $14 {Keitlinghaus,L-Blauert,J/FRG-ch/1989/}) 12.
Nbd2 a5 13. a4 Ba6 14. axb5 Bxb5 15. bxa5 Rxa5 16. Nb3 {0,5/Olafsson,
H-Schussler/Scandinavian ch/1981/}) 11... Bf6 12. Ra2 Bd7 13. e4 Nb6 14. Be3 e5
15. Rd2 Be6 16. Qc3 Qc8 17. b5 Ne7 18. Qb4 Qc4 19. Qa5 Na4 20. Rfd1 b6 21. Qb4
Qxb4 22. axb4 Rac8 23. Bf1 Bb3 24. Re1 $13 {Schmittdiel,E-Blauert,J/FRG-ch/
1989/}) (9... a5 10. e4 Nf6 11. Qc2 Bd4 12. Nc3 O-O 13. Rd1 e5 14. Nd5 h6 15.
h3 Be6 16. Nxf6+ Qxf6 17. Qa4 Bxh3 18. Nxd4 Nxd4 19. Rxd4 Bxg2 20. Rd3 Bf3 21.
Re3 Rfd8 22. Re1 Qg6 23. Qb5 {0-1/Sader,M-Knodler,D/Zurich op (7)/1988/}) (9...
Be7 10. e4 Nb6 11. Qe2 O-O 12. Rd1 Qc7 13. Nc3 Rd8 14. Rxd8+ Qxd8 15. Bf4 Bd7
16. h4 Rc8 17. Rd1 Qe8 18. e5 Na5 19. Nd4 Bxa3 20. Ncb5 Bxb5 21. Nxb5 Be7 22.
Nxa7 Rd8 23. Rxd8 Bxd8 24. Nb5 $14 {Suba,M-Vladimirov,E/Hastings Challengers/
1990/}) 10. b4 Be7 11. e4 Nb6 12. Bb2 O-O 13. Nbd2 Rc8 (13... f6 14. Qb3 Kh8
15. e5 $14) 14. Rc1 f6 15. Qb3 Kh8 16. e5 $1 f5 17. Rfd1 Qe8 18. Nc4 (18. Nf1
Qh5 $14) 18... Nxc4 19. Rxc4 b5 20. Rcc1 a5 21. Nd4 $1 Nxd4 (21... axb4 22.
axb4 (22. Nxe6 bxa3 23. Rxd7 (23. Nxf8 axb2 24. Nxd7 bxc1=Q 25. Rxc1 Qxd7 (
25... Nd4 26. Rxc8 Qxc8 27. Qd5 Qc1+ 28. Bf1 $13) 26. Qxb5 Nb8 $1) 23... Qxd7
24. Nxf8 Bxf8 25. Bxa3 Bxa3 26. Qxa3 Nxe5) 22... Nxd4 23. Bxd4 $16) 22. Bxd4
axb4 23. axb4 Rxc1 24. Rxc1 f4 25. Bc5 fxg3 26. hxg3 Qf7 27. Bxe7 Qxe7 28. Rc7
Qd8 29. Qc2 Be8 30. Rc8 Qe7 31. Qc5 Qf7 (31... Qxc5 32. bxc5 Kg8 33. c6 $18)
32. Qxf8+ $1 (32. Qxf8+ Qxf8 33. Bc6 $18) 1-0

[Event "Tilburg"]
[Site "Tilburg"]
[Date "1993.??.??"]
[Round "5"]
[White "Vaganian, Rafael A"]
[Black "Beliavsky, Alexander G"]
[Result "1-0"]
[WhiteElo "2615"]
[BlackElo "2635"]
[Annotator "Ftacnik,L"]
[PlyCount "141"]
[EventDate "1993.11.??"]
[EventType "k.o."]
[EventRounds "7"]
[EventCountry "NED"]
[SourceTitle "CBM 039"]
[Source "ChessBase"]
[SourceDate "1994.04.01"]
[SourceVersion "1"]
[SourceVersionDate "1994.04.01"]
[SourceQuality "1"]

1. c4 Nf6 2. Nf3 e6 3. g3 d5 4. Bg2 Be7 5. O-O O-O 6. Qc2 c5 7. d4 cxd4 8. Nxd4
(8. cxd5 Qxd5 $1) (8. Rd1 Nc6 9. Nxd4 Nxd4 10. Rxd4 Qb6) 8... Nc6 (8... e5 9.
Nf5) 9. Nxc6 bxc6 10. Rd1 Bc5 $6 (10... e5 11. Bg5) (10... Ba6 11. b3 Nd7 12.
Bb2 Rc8 $13) 11. e3 (11. cxd5 Qb6 12. dxc6 Bxf2+ 13. Kh1 Ba6 $132) 11... Qe7
12. b3 Rd8 13. Nc3 (13. Bb2 e5) 13... Bb7 (13... Ba6 14. Na4) 14. Bb2 e5 15.
Rac1 Bb4 (15... Rac8 $6 16. Bh3 $1 Rc7 17. Na4 Bb4 18. cxd5) (15... d4 $1 16.
exd4 (16. Na4 dxe3 17. Nxc5 Qxc5 18. fxe3 Ng4 $1) 16... Bxd4 17. Ne4 c5 (17...
Bxb2 18. Qxb2 Nxe4 19. Bxe4 $14) 18. Nxf6+ gxf6 $13) 16. Na4 Bd6 17. Bc3 h5 $5
18. Qf5 Bc8 19. Qg5 Bg4 20. f3 Bd7 21. f4 $1 Ng4 (21... exf4 22. Bxf6 Qxf6 23.
Qxf6 gxf6 24. exf4 $16) (21... Re8 $6 22. cxd5 cxd5 23. Bxd5 $16) (21... Bg4
22. fxe5 $1 (22. Rd2 d4 $1 23. fxe5 dxc3 24. Rxd6 (24. exf6 Qxf6 25. Qxf6 cxd2)
24... Rxd6 25. exd6 Qxd6 26. Nxc3 (26. Qa5 c2 $1) 26... Qd2) 22... Ne4 23. Qxe7
Bxe7 24. Re1 $16) 22. Qxe7 (22. cxd5 Qxg5 (22... f6 23. Qg6 (23. Qxh5 exf4 $132
) 23... exf4 24. Be4 f5 $140 25. dxc6 $1) 23. fxg5 Nxe3 24. dxc6 Nxd1 25. cxd7
Nxc3 26. Rxc3 Rab8 $13) 22... Bxe7 23. cxd5 cxd5 (23... Nxe3 24. d6 (24. dxc6
$13) 24... Bf8 25. fxe5 Nxd1 26. Rxd1 $44) 24. Bxd5 (24. Rxd5 Rac8 25. Bd2 (25.
Bh3 Bxa4 26. Rxd8+ Rxd8 27. Bxg4 hxg4 28. bxa4 Bc5) 25... Bxa4 26. bxa4 Rxc1+
27. Bxc1 Rxd5 28. Bxd5 Bc5 $10) 24... Rac8 $1 (24... Nxe3 25. Bxa8 Nxd1 26.
Rxd1 $18) 25. Ba5 $6 (25. Bb7 $1 Rc7 (25... Rb8 26. Ba5 Bxa4 27. Bxd8 Bxd8 28.
bxa4 Bb6 29. Rc8+ Rxc8 30. Bxc8 Nxe3 31. Rb1 exf4 $13) 26. Ba5 Rxc1 27. Rxc1
Rb8 (27... Re8 28. Nc5 $1 Bxc5 29. Rxc5 exf4 30. exf4 Re2 $16) 28. Rc7 Bd8 29.
Rxd7 Bxa5 30. Bd5 $16) 25... Bxa4 $1 26. Bxd8 Rxd8 27. Rc7 (27. bxa4 Nxe3 28.
Rd3 exf4 (28... Nxd5 29. Rcd1 $14) 29. Bc4 $10) 27... Kf8 (27... Bd7 $2 28. Bf3
) (27... Nxe3 28. Bxf7+ $1 Kf8 29. Rxd8+ Bxd8 30. Rxa7 $16) 28. Bf3 (28. bxa4
Nxe3) 28... Be8 (28... Rxd1+ 29. Bxd1 Be8 30. Rc8 $5) 29. Rxd8 Bxd8 30. Rxa7
Bb6 (30... exf4 31. Ra8 $1) 31. Ra8 Ke7 (31... exf4 32. Bc6 Bxe3+ 33. Kg2 Nf6
$13 34. gxf4 Bxf4 35. b4 Ke7 36. Bxe8 Nxe8 37. Ra7+ Ke6 38. a4 Nd6 39. a5 Be3
$13) 32. fxe5 Bxe3+ 33. Kg2 Nxe5 34. Bb7 Bd7 35. a4 Kd6 (35... Bc5 36. Ra5 (36.
a5 Nc6) 36... Nd3 37. Be4 Ne1+ 38. Kf1 Bb4 $13) 36. b4 Kc7 37. Bd5 Kd6 38. Be4
f5 39. Ra6+ $2 (39. Bb7 $142) 39... Kc7 40. Bd5 Nd3 $1 41. Rg6 (41. b5 Nb4 $1)
41... Nxb4 42. Be6 Bc6+ (42... Bxe6 43. Rxe6 Bd4 44. a5) 43. Kf1 Bh6 (43... Bd4
$1 44. Rg5 (44. Bxf5 Bf6 45. g4 Nd5 46. g5 Bd4) 44... Bxa4 45. Rxf5 g6 $17) 44.
Bb3 (44. Bxf5 Bxa4) 44... Nd3 $6 (44... Be4 $1 {/\ Nc6}) 45. a5 Nc5 (45... Ne5
46. Re6 Nf3 47. Bd1 Nxh2+ 48. Kf2 Bd7 49. Re7 Kd6 50. Rf7 Be6 $17) 46. Bf7 (46.
Bc2 Be8 47. Rb6 Bd2) 46... Ne4 47. Re6 h4 $6 (47... Ng5 $142 48. Re7+ Kd6 49.
Ra7 Nxf7 50. Rxf7 $15) (47... Bd5 48. Rxh6 $1 Bxf7 49. Rh7) 48. gxh4 f4 49. Be8
$1 Bd5 50. Re7+ Kb8 (50... Kd6 51. Rd7+ Kc5 52. Rxd5+ Kxd5 53. a6 Nd2+ 54. Ke1
Nc4 55. Bf7+ Kc6 56. Bxc4 $10) 51. Bf7 Bc6 (51... Bb7 52. Rxb7+ Kxb7 53. Bd5+)
52. Re6 $1 Kc7 (52... Bb7 53. Rb6 (53. Re8+ Ka7 54. Re7)) 53. Be8 Ba8 $6 (53...
Bd5 54. Re7+ Kb8 55. Bf7 Bc6 $10) 54. Re7+ Kd8 $2 (54... Kd6 55. Ra7 Bd5 56.
Rd7+ Kc5 57. Rxd5+ Kxd5 58. a6 Nd2+ 59. Ke2 Nc4 60. Bf7+ Kc6 61. Bxc4 $10) (
54... Kb8 55. a6 Bd5 56. a7+ Ka8 57. Bg6 Nd6 $1 58. Rd7 Bc4+ 59. Kf2 Nb7) 55.
Ra7 Nd2+ (55... Bd5 56. Rd7+ Kxe8 57. Rxd5) 56. Kf2 Ne4+ $2 (56... Bh1 $1 57.
Rd7+ Kxe8 58. Rxd2 Bb7 59. Rb2 Bc8 $10) 57. Ke1 Kxe8 58. Rxa8+ Kd7 59. a6 Kc7
60. a7 Kb7 61. Re8 Kxa7 62. Rxe4 $18 Kb6 63. Rc4 $1 Kb5 64. Rc8 Kb4 65. Ke2 Kb5
66. Kf3 Kb4 67. h5 Kb5 68. h4 Kb4 69. Ke4 Kb5 70. Kd5 Kb4 71. Rc7 (71. Rc7 Kb3
72. Kd4 (72. Ke4 $1 Kb4 73. Rf7 Kc5 74. Rxf4 Bxf4 75. Kxf4 Kd6 76. Kf5 Ke7 77.
Kg6 Kf8 $10) 72... Kb2 73. Kd3 Kb1 74. Kd2 Kb2 (74... f3+ 75. Kd3 $18) 75. Rb7+
Ka3 76. Ke2 Ka4 77. Kf3 Ka5 78. Rf7 Kb6 79. Rxf4 Bxf4 80. Kxf4 Kc7 81. Kf5 Kd7
82. Kg6 Ke8 83. Kxg7 $18) 1-0

[Event "Leon"]
[Site "Leon"]
[Date "1990.??.??"]
[Round "3"]
[White "Magem Badals, Jordi"]
[Black "Illescas Cordoba, Miguel"]
[Result "1/2-1/2"]
[WhiteElo "2460"]
[BlackElo "2530"]
[Annotator "Ftacnik,L"]
[PlyCount "57"]
[EventDate "1990.06.??"]
[EventType "tourn"]
[EventRounds "11"]
[EventCountry "ESP"]
[EventCategory "9"]
[SourceTitle "CBM 020"]
[Source "ChessBase"]
[SourceDate "1991.02.01"]
[SourceVersion "1"]
[SourceVersionDate "1991.02.01"]
[SourceQuality "1"]

1. d4 Nf6 2. Nf3 e6 3. g3 d5 4. c4 Be7 5. Bg2 O-O 6. O-O c5 7. dxc5 Bxc5 8. a3
Nc6 9. b4 Bb6 10. Bb2 Qe7 11. Nbd2 Rd8 12. Qc2 e5 $1 (12... dxc4 13. Nxc4 Bc7
14. Rfd1 $14) 13. cxd5 Nxd5 14. b5 (14. e4 Nf6 15. Nc4 Nd4 $1 16. Nxd4 Bxd4 $10
) 14... Nd4 15. Nxd4 exd4 16. Nb3 Bg4 $1 (16... Nf6 17. Rad1 $14) 17. Nxd4 Ne3
$1 18. fxe3 Qxe3+ 19. Kh1 Bxd4 20. Bxd4 (20. Bxb7 Rab8 21. Bf3 Rxb5 22. Bxd4
Bxf3+ 23. exf3 Qxd4 $10) 20... Rxd4 21. Bxb7 Re8 22. Bc6 (22. Bf3 $6 Bxf3+ 23.
exf3 Rd2) 22... Rc8 23. Rad1 Rxd1 24. Rxd1 Bxe2 25. Qf5 $8 (25. Rc1 Bf3+ $19)
25... Rf8 26. Rd7 Bc4 27. Qf4 Qb3 28. Qf3 (28. Rxa7 Bxb5 $10) 28... Qb2 29. a4
{Ftacnik,L} 1/2-1/2